| 000 | 00866cam a2200253 i 4500 | ||
|---|---|---|---|
| 001 | 17208031 | ||
| 005 | 20241106183635.0 | ||
| 008 | 120313s2011 enk b 001 0 eng | ||
| 020 | _a9780414044784 (hardback) | ||
| 020 | _a0414044789 (hardback) | ||
| 020 | _a9780414044791 (paperback) | ||
| 050 | 0 | 0 |
_aKD7644 _b.B76 2011 |
| 100 | 1 | _aBrown, Henry J. | |
| 245 | 1 | 0 |
_aADR principles and practice / _cHenry J. Brown, solicitor, England and Wales; Arthur Marriott, Q.C., 12 Gray's Inn Square, Gray's Inn, London. |
| 250 | _aThird edition. | ||
| 260 |
_aLondon : _bSweet & Maxwell, _c2011. |
||
| 300 |
_axl, 868 pages ; _c24 cm |
||
| 650 | 0 |
_aDispute resolution (Law) _zGreat Britain. |
|
| 650 | 0 |
_aMediation _zGreat Britain. |
|
| 650 | 0 | _aDispute resolution (Law) | |
| 650 | 0 | _aMediation. | |
| 700 | 1 |
_aMarriott, Arthur L., _d1943- |
|
| 942 |
_2lcc _cBK _e3rd Ed. _n0 |
||
| 999 |
_c750 _d750 |
||